[Event "FRA-ch U16"]
[Site "Nimes"]
[Date "2012.04.15"]
[Round "3"]
[White "Vilain, Thomas"]
[Black "Salles, Louis"]
[Result "1/2-1/2"]
[WhiteElo "1885"]
[BlackElo "2129"]
[PlyCount "94"]
[EventDate "2012.04.14"]
[EventType "swiss"]
[EventRounds "9"]
[EventCountry "FRA"]
[SourceTitle "CBM 148 Extra"]
[Source "ChessBase"]
[SourceDate "2012.06.22"]
[SourceVersion "1"]
[SourceVersionDate "2012.06.22"]
[SourceQuality "1"]

1. c4 Nf6 2. Nc3 g6 3. e4 d6 4. d4 Bg7 5. Nf3 0-0 6. Be2 e5 7. dxe5 dxe5 8. Qxd8 Rxd8 9. Bg5 Re8 10. Nd5 Nxd5 11. cxd5 c6 12. 0-0 cxd5 13. exd5 Nd7 14. Rfd1 Nb6 15. d6 h6 16. Be3 Bd7 17. Nd2 Nd5 18. Bc5 Nf4 19. Bf3 Ne6 20. Nb3 Nd8 21. Bd5 Nc6 22. Rac1 Rac8 23. Bxc6 Rxc6 24. Bxa7 Rxc1 25. Rxc1 Bf6 26. Rc7 Bc6 27. Na5 Bd8 28. Nxc6 Bxc7 29. dxc7 bxc6 30. Bb8 Kf8 31. a4 Ke7 32. a5 Kd7 33. Kf1 c5 34. a6 Re6 35. a7 Ra6 36. Ke2 c4 37. Kd2 Kc8 38. Kc3 Ra4 39. b4 cxb3 40. Kxb3 Ra6 41. Kc4 f6 42. Kd5 Kd7 43. Kc5 Ra1 44. Kb6 Rb1+ 45. Kc5 Ra1 46. Kb6 Rb1+ 47. Kc5 Ra1 1/2-1/2

[Event "FRA-chT1A 1112"]
[Site "France"]
[Date "2011.11.12"]
[Round "2.7"]
[White "Daumens, Michel"]
[Black "Vilain, Thomas"]
[Result "0-1"]
[WhiteElo "2148"]
[BlackElo "1850"]
[PlyCount "90"]
[EventDate "2011.10.16"]
[EventType "team-tourn"]
[EventRounds "11"]
[EventCountry "FRA"]
[SourceTitle "EXT 2013"]
[Source "ChessBase"]
[SourceDate "2012.11.22"]
[SourceVersion "1"]
[SourceVersionDate "2012.11.22"]
[SourceQuality "1"]
[WhiteTeam "Bordeaux"]
[BlackTeam "La Membrolle Choisille"]
[WhiteTeamCountry "FRA"]
[BlackTeamCountry "FRA"]

1. e4 e5 2. Nf3 Nc6 3. Bc4 Nf6 4. d3 Be7 5. Nc3 d6 6. h3 h6 7. Be3 Be6 8. Bb5 0-0 9. Qd2 a6 10. Ba4 b5 11. Bb3 Bxb3 12. axb3 d5 13. exd5 Nxd5 14. 0-0 f5 15. Qe2 Nxc3 16. bxc3 Bd6 17. Nh2 Qh4 18. f3 a5 19. Bf2 Qf6 20. Rfe1 a4 21. Nf1 axb3 22. cxb3 Rxa1 23. Rxa1 b4 24. c4 e4 25. Rd1 exf3 26. Qxf3 Nd4 27. Qd5+ Ne6 28. c5 Bf4 29. Re1 Kf7 30. d4 Rd8 31. Qc4 c6 32. Qxb4 Nxd4 33. Qc4+ Kf8 34. Rd1 Be5 35. Ne3 f4 36. Ng4 Nf3+ 37. gxf3 Rxd1+ 38. Kg2 Qg6 39. Kh2 Bc7 40. Qa6 Qd3 41. Qc8+ Bd8 42. Ne5 Qe2 43. Qf5+ Bf6 44. Ng4 Qxf3 45. Qc8+ Kf7 0-1

[Event "Sautron op 11th"]
[Site "Sautron"]
[Date "2011.10.23"]
[Round "5"]
[White "Vilain, Thomas"]
[Black "Salles, Louis"]
[Result "0-1"]
[WhiteElo "1850"]
[BlackElo "2036"]
[PlyCount "82"]
[EventDate "2011.10.22"]
[EventType "swiss"]
[EventRounds "9"]
[EventCountry "FRA"]
[SourceTitle "EXT 2016"]
[Source "ChessBase"]
[SourceDate "2015.10.08"]
[SourceVersion "1"]
[SourceVersionDate "2015.10.08"]
[SourceQuality "1"]

1. e4 c5 2. Nf3 d6 3. d4 cxd4 4. Nxd4 Nf6 5. Nc3 a6 6. Be3 Ng4 7. Bg5 h6 8. Bh4 g5 9. Bg3 Bg7 10. Be2 h5 11. h4 Nc6 12. Nb3 gxh4 13. Bxh4 Be6 14. Qd2 b5 15. 0-0-0 Rc8 16. Nd5 Bxd5 17. exd5 Nce5 18. Nd4 Bh6 19. f4 Qc7 20. Rde1 Qc5 21. Bxg4 hxg4 22. Bg5 Qxd5 23. b3 Bg7 24. fxe5 Rxh1 25. Rxh1 Qxe5 26. Be3 Qc5 27. Kd1 Qd5 28. Rh4 f5 29. Rh5 Bxd4 30. Bxd4 Kd7 31. Rh7 Re8 32. Kc1 Qe4 33. Rf7 Ke6 34. Rg7 Rc8 35. Kd1 Rxc2 36. Rg6+ Kf7 37. Rg7+ Kf8 38. Qxc2 Qxd4+ 39. Ke2 Qe5+ 40. Kf1 Kxg7 41. Qd2 f4 0-1

[Event "FRA-ch U14"]
[Site "Troyes"]
[Date "2010.04.11"]
[Round "1"]
[White "Vilain, Thomas"]
[Black "Bigonnet, Jean Michel"]
[Result "1-0"]
[WhiteElo "1672"]
[BlackElo "1914"]
[PlyCount "55"]
[EventDate "2010.04.11"]
[EventType "swiss"]
[EventRounds "9"]
[EventCountry "FRA"]
[SourceTitle "EXT 2012"]
[Source "ChessBase"]
[SourceDate "2011.11.24"]
[SourceVersion "1"]
[SourceVersionDate "2011.11.24"]
[SourceQuality "1"]

1. Nf3 Nf6 2. c4 c5 3. g3 e6 4. Bg2 d5 5. cxd5 exd5 6. d4 Nc6 7. 0-0 Be6 8. b3 Ne4 9. Bb2 Qb6 10. Nc3 Rd8 11. Na4 Qa5 12. Nxc5 Nxc5 13. dxc5 Qxc5 14. Nd4 Qd6 15. Rc1 a6 16. Re1 Rg8 17. e4 dxe4 18. Nxc6 Qxd1 19. Rcxd1 bxc6 20. Bxe4 Rc8 21. Bxh7 Rh8 22. Bf5 Rh6 23. Bc1 Rf6 24. g4 Bb4 25. Re4 Be7 26. Bg5 g6 27. Bxf6 gxf5 28. gxf5 1-0